000 01089cam a2200289 i 4500
003 SA-RiAUC
005 20250829152108.0
008 250827s2000 ua g 00000 ara c
020 _a3345069970
040 _aSA-RiAUC
_bara
_cSA-RiAUC
_erda
043 _aa-su---
082 0 4 _a953.122
_qSA-RiAUC
090 _a953.122
_bا م ا
100 1 _aإمام، محيي الدين.
_eمؤلف.
245 1 0 _aالمدينة المنورة :
_bمعالم وأحداث /
_cإعداد محيي الدين إمام.
264 1 _aالقاهرة :
_bمحيي الدين إمام،
_c2000
300 _a123 صفحة ؛
_c24 سم
336 _aنص
_btxt
_2rdacontent
_3كتاب
337 _aبدون وسيط
_bn
_2rdamedia
338 _aمجلد
_bnc
_2rdacarrier
610 2 7 _aالمسجد النبوي الشريف
_2aucnm
650 7 _aالمساجد
_zالمدينة المنورة
_2aucsh
651 7 _aالمدينة المنورة
_xتاريخ
_2aucsh
651 7 _aالمدينة المنورة
_xآثار
_2aucsh
942 _2ddc
_cBOOK
_n0
949 _aSA-JeALM
_d250827
_umohamedma123
_n1
999 _c11284
_d11284